| 000 | 01046nam a2200313 i 4500 | ||
|---|---|---|---|
| 003 | EG-GICUC | ||
| 005 | 20260121101408.0 | ||
| 008 | 251130s1943 fr ||||fr|||| 00| 0 fre d | ||
| 040 |
_aEG-GiCUC _bfre _cEG-GiCUC _dEG-GiCUC _erda |
||
| 041 | 0 | _afre | |
| 082 | 0 | 4 |
_221 _a343.1 _bVA . T |
| 092 | 0 | 4 | _221 |
| 099 | _aLaw1 10 343.1 VA . T 1943 | ||
| 100 | 1 |
_aVabres, Donnedieu _eAuteur |
|
| 245 | 1 | 0 |
_aTraité Élémentaire De Droit Criminel Et De Législation Pénale Comparée / _cDonnedieu De Vabres. |
| 250 | _aDeuxième Édition | ||
| 264 | 1 |
_aParis : _bLIBRAIRIE DU RECUEIL SIREY, _c1943. |
|
| 300 |
_a936 pages ; _c24 cm. |
||
| 336 |
_2rda content _atext |
||
| 337 |
_2rda media _aComputer |
||
| 338 |
_2rda carrier _aOnline Resource |
||
| 500 | _aIl contient une petite section de 127 pages. | ||
| 504 | _aComprend des références bibliographiques. | ||
| 546 | _aTexte en français | ||
| 650 | 1 | 4 | _aDroit Pénal |
| 856 | 4 | 0 | _uhttps://fll.law.cu.edu.eg/fulltext/bks/B10-01157.pdf |
| 905 |
_a33 _eHassnaa |
||
| 942 |
_2ddc _cBK _e21 _n0 |
||
| 999 |
_c47465 _d47465 |
||